Einstein in love : (Record no. 15052)

MARC details
000 -LEADER
fixed length control field 01267cam a2200289 i 4500
001 - CONTROL NUMBER
control field 11960106
003 - CONTROL NUMBER IDENTIFIER
control field EG-ScBUE
005 - DATE AND TIME OF LATEST TRANSACTION
control field 20250128101233.0
008 - FIXED-LENGTH DATA ELEMENTS--GENERAL INFORMATION
fixed length control field 000331s2003 enk f b 001 0beng d
020 ## - INTERNATIONAL STANDARD BOOK NUMBER
International Standard Book Number 0747561699
020 ## - INTERNATIONAL STANDARD BOOK NUMBER
International Standard Book Number 9780747561699
040 ## - CATALOGING SOURCE
Original cataloging agency DLC
Language of cataloging eng
Description conventions rda
Transcribing agency DLC
Modifying agency DLC
-- EG-ScBUE
082 04 - DEWEY DECIMAL CLASSIFICATION NUMBER
Classification number 530.092
Edition number 22
Item number OVE
100 1# - MAIN ENTRY--PERSONAL NAME
Personal name Overbye, Dennis,
Dates associated with a name 1944-
Relator term author.
9 (RLIN) 22801
245 10 - TITLE STATEMENT
Title Einstein in love :
Remainder of title a scientific romance /
Statement of responsibility, etc Dennis Overbye.
264 #1 - PUBLICATION, DISTRIBUTION, ETC. (IMPRINT)
Place of publication, distribution, etc London :
Name of publisher, distributor, etc BloomsBury,
Date of publication, distribution, etc 2003.
300 ## - PHYSICAL DESCRIPTION
Extent xv, 416 pages ;
Dimensions 24 cm
336 ## - CONTENT TYPE
Source rdacontent
Content type term text
Content type code txt
337 ## - MEDIA TYPE
Media type term unmediated
Source rdamedia
Media type code n
338 ## - CARRIER TYPE
Carrier type term volume
Carrier type code nc
Source rdacarrier
504 ## - BIBLIOGRAPHY, ETC. NOTE
Bibliography, etc Includes bibliographical references and index.
600 17 - SUBJECT ADDED ENTRY--PERSONAL NAME
Personal name Einstein, Albert,
Dates associated with a name 1879-1955
General subdivision Relations with women.
Source of heading or term BUEsh
9 (RLIN) 22802
650 #7 - SUBJECT ADDED ENTRY--TOPICAL TERM
Topical term or geographic name as entry element Physicists
Form subdivision Biography.
Source of heading or term BUEsh
9 (RLIN) 22803
655 ## - INDEX TERM--GENRE/FORM
Form subdivision Reading book
942 ## - ADDED ENTRY ELEMENTS (KOHA)
Source of classification or shelving scheme Dewey Decimal Classification
Koha item type Book - Borrowing
Holdings
Withdrawn status Lost status Source of classification or shelving scheme Damaged status Not for loan Collection code Home library Current library Shelving location Date acquired Source of acquisition Cost, normal purchase price Total Checkouts Total Renewals Full call number Barcode Date last seen Date checked out Cost, replacement price Price effective from Koha item type
    Dewey Decimal Classification     AUC Central Library Central Library First floor 03/04/2011 Purchase 21.00 5 22 530.092 OVE 000023108 15/07/2025 03/10/2015 105.00 03/04/2011 Book - Borrowing